000 00274cam a22001097a 4500
008 180718b1969 xxu||||| |||| 00| 0 eng d
082 _aQ803x42 Un3
245 _aTheft act 1968
_cBy HMSO
260 _aLondon
_bHMSO
_c1969
300 _a35p.
650 _aLarceny -- Great Britain
999 _c412722
_d412722